هشام بن العاصى: رجل شجاع جدا, عبداللة بن جعفربن ابى طالب: رجل يسمى بحر الجود, ابو ايوب الانصارى: رجل استضاف الرسول(ص) فى بيته / (Record no. 51144)
[ view plain ]
| 000 -الفاتح | |
|---|---|
| حقل البيانات ثابتة الطول | 00874nam a2200205Ia 4500 |
| 008 - عناصر البيانات ثابتة الطول - معلومات عامة | |
| حقل البيانات ثابتة الطول | 140319s9999 xx 000 0 ara d |
| 040 ## - مصدر الفهرسة | |
| وكالة الفهرسة الأصلية | GCL / |
| وكالة النسخ | GCL |
| 082 04 - رقم تصنيف ديوى العشرى | |
| رقم التصنيف | ط |
| رقم المادة | 239.9 |
| -- | د هـ |
| 100 1# - المدخل الرئيسى - إسم شخصى | |
| الإسم الشخصى | درويش الزفتاوى |
| 245 10 - بيان العنوان | |
| العنوان | هشام بن العاصى: رجل شجاع جدا, عبداللة بن جعفربن ابى طالب: رجل يسمى بحر الجود, ابو ايوب الانصارى: رجل استضاف الرسول(ص) فى بيته / |
| بيان المسئوليه,etc | درويش الزفتاوى |
| 300 ## - الوصف المادى | |
| التعداد | 34 ص |
| 490 ## - بيان السلسلة | |
| عنوان السلسلة | رجال احبهم الرسول صلى اللة عليه و سلم |
| رقم المجلد/ التعيين التسلسلي | 0 |
| 650 04 - المدخل الاضافى بالموضوع-مصطلح موضوعى | |
| مصطلح موضوعي | الاطفال |
| 650 04 - المدخل الاضافى بالموضوع-مصطلح موضوعى | |
| مصطلح موضوعي | الصحابة والتابعون |
| 650 04 - المدخل الاضافى بالموضوع-مصطلح موضوعى | |
| مصطلح موضوعي | هشام بن العاصى |
| 650 04 - المدخل الاضافى بالموضوع-مصطلح موضوعى | |
| مصطلح موضوعي | عبد اللة بن جعفر بن ابى طالب |
| 650 04 - المدخل الاضافى بالموضوع-مصطلح موضوعى | |
| مصطلح موضوعي | ابو ايوب الانصارى |
| 942 ## - عناصر المدخل الإضافي( كوها) | |
| مصدر التصنيف او مخطط الترفيف | Dewey Decimal Classification |
| Koha [default] item type | كتاب |
| حالة التراجع | حالة الفقد | حالة تلف | ليس للاعارة | المكان المؤقت | الموقع الحالى | تاريخ الاكتساب | اجمالي اﻻعارات | رقم الطلب | الباركود | تاريخ اخر مشاهدة | تاريخ تفعيل السعر | نوع وعاء كوها |
|---|---|---|---|---|---|---|---|---|---|---|---|---|
| مكتبة القاهرة الكبرى | مكتبة القاهرة الكبرى | 03/26/2014 | ط\239.9\د هـ | 122616 | 03/26/2014 | 03/26/2014 | كتاب | |||||
| مكتبة القاهرة الكبرى | مكتبة القاهرة الكبرى | 03/26/2014 | ط\239.9\د هـ | 122617 | 03/26/2014 | 03/26/2014 | كتاب | |||||
| مكتبة القاهرة الكبرى | مكتبة القاهرة الكبرى | 03/26/2014 | ط\239.9\د هـ | 122618 | 03/26/2014 | 03/26/2014 | كتاب |

